00680nam a22001935a 450000500170000000800410001701000170005802000260007503500170010103700380011804000180015608200130017410000200018724501200020726000490032730000510037650000190042750400400044620081016051335.0080530s2007 ii a b 000 0beng  aB-277848-877 a9788172236977c395.00 aB-277848-877 aHarperCollins/1044/9.8.08/11.7.08 adplbEnglish  a791.4375 aDesai, Kishwar. aDarlingji :bthe true love story of Nargis and Sunil Dutt /cby Kishwar Desai ; introduction by Lord Meghnad Desai. aNew Delhi :bHarper Collins Publishersc2007 axi, 442 p. :bill. (some col.) ;c23 cm (pbk)  a"Filmography:  aIncludes bibliographical references